000 00643nam a2200181 a 4500
008 111117s1992 ||||||||||||||||| || u
020 _a0412447304
050 _aQH 430 Bro
100 _aBrown, T. A. (Terence A.)
245 1 0 _aGenetics : a molecular approach. -- 2nd ed.
250 _a2nd ed.
260 _aLondon
_bChapman & Hall
_c1992
300 _axiii, 467p.: ill.
350 _a0.00
650 0 _aGENETICS
650 _aMOLECULAR GENETICS
995 _aMEDICAL LIBRARY OPEN ACCESS
_D0.00
_e900104
_FCBU-SCHOOL OF MEDICINE LIBRARY (Ndola)
_H1
_I0.00
_jQH 430 BRO
_M1
_UAVAILABLE
_WNov 17, 2011
_y900104
_ZMedical Library Open Access Collection
999 _c31514
_d31514